| 000 | 00651cam a2200217 4500 | ||
|---|---|---|---|
| 001 | a4274969 | ||
| 003 | OSt | ||
| 005 | 20140829213003.0 | ||
| 008 | 080605q2002 sp 000 spa | ||
| 040 |
_aSpMaBN _cBMC |
||
| 082 | _a843.4 | ||
| 100 | 1 |
_9241 _aCyrano de Bergerac, Savinien de _d1619-1655 |
|
| 245 | 1 | 0 |
_aViaje a la luna _cCyrano de Bergerac ; [traducción de J.C. y Martí] _b; Historia cómica de los estados e imperios del sol |
| 250 | _a2ª ed | ||
| 260 |
_aBuenos Aires _bEspasa-Calpe Agentina _c1945 |
||
| 300 |
_a234 p. _c18 cm |
||
| 490 |
_aAustral _v287 |
||
| 700 |
_9242 _aChabás, Juan _d1900-1954 |
||
| 942 |
_2ddc _cBK |
||
| 956 | _a2 | ||
| 999 |
_c204 _d204 |
||